LEADER 01064nam a2200265 i 4500 001 991002579529707536 005 20020508202640.0 008 000220s|||| it ||| | ita 035 $ab1103077x-39ule_inst 035 $aPARLA165369$9ExL 040 $aDip.to Filosofia$bita 100 1 $aBalandier, Georges$0118249 245 10$aDerive della violenza /$cGeorges Balandier, Gilbert Durand, Michel Maffesoli 300 $a92 p. 440 3$aLa violenza e le città ;$v3 490 0 $aIndiscipline ;$v13 500 $aTit. orig.: la violence ou le désir du collectif 700 1 $aDurand, Gilbert$eauthor$4http://id.loc.gov/vocabulary/relators/aut$010430 700 1 $aMaffesoli, Michel$eauthor$4http://id.loc.gov/vocabulary/relators/aut$0142726 907 $a.b1103077x$b23-02-17$c28-06-02 912 $a991002579529707536 945 $aLE005IF XL D 26$g1$i2005000248450$lle005$o-$pE0.00$q-$rl$s- $t0$u1$v0$w1$x0$y.i11151948$z28-06-02 996 $aDerive della violenza$91456675 997 $aUNISALENTO 998 $ale005$b01-01-00$cm$da $e-$fita$git $h0$i1